Training for IT
Αποθηκεύτηκε σε:
| Κύριος συγγραφέας: | |
|---|---|
| Μορφή: | Βιβλίο |
| Γλώσσα: | English |
| Δημοσίευση: |
London :
Library Association Publishing,
1997
|
| Σειρά: | Library training guides
|
| Θέματα: | |
| Ετικέτες: |
Προσθήκη ετικέτας
Δεν υπάρχουν, Καταχωρήστε ετικέτα πρώτοι!
|
MARC
| LEADER | 00000nam a2200000 i 4500 | ||
|---|---|---|---|
| 001 | 1/83118 | ||
| 008 | 990528s1997 eng d | ||
| 020 | |a 1856041867 | ||
| 035 | |l 10051269 | ||
| 040 | |a GR-MY-UA |b gre |e aacr | ||
| 041 | 0 | |a eng | |
| 082 | 0 | |a 023.80941 | |
| 100 | 1 | |a Biddiscombe, Richard. | |
| 245 | 1 | 0 | |a Training for IT / |c Richard Biddiscombe |
| 260 | |a London : |b Library Association Publishing, |c 1997 | ||
| 490 | 1 | |a Library training guides | |
| 650 | 0 | 0 | |a Libraries |x Automation |x Study and teaching. |
| 650 | 0 | 0 | |a Library science |x Data processing. |
| 650 | 0 | 0 | |a Information technology |x Study and teaching. |
| 650 | 0 | 0 | |a Library education |z Great Britain. |
| 830 | 0 | |a Library training guides | |
| 852 | |a INST |b LESVOS |e 19990528 |h 023.80941 BID |p 005100021266 |q 005100021266 |t BK |y 0 | ||
| 901 | |a BIBL1-2000-2 | ||
| 909 | |a Λ |b 062458 | ||
| 922 | |a 1ΕΛΗ |b 199812 |c ΚΠΣ/ΚΥΒ |d LEADER | ||
| 950 | |a 023-1998-09-14 | ||
| 970 | |z 2000/05/ΜΙΧΑΗΛΙΔΟΥ ΑΝΝΑ | ||